Hitler / (Registro nro. 41981)
[ vista simple ]
| 000 -CABECERA | |
|---|---|
| Longitud fija campo de control | 00824nam a2200241Ii 4500 |
| 005 - FECHA Y HORA DE LA ULTIMA TRANSACCION | |
| Fecha y hora de la última transacción | 20250915190501.0 |
| 008 - CODIGOS DE INFORMACION DE LONGITUD FIJA | |
| Códigos de información de longitud fija | 241108s9999||||xx |||||||||||||| ||und|| |
| 020 ## - NUMERO INTERNACIONAL NORMALIZADO PARA LIBROS | |
| Número Internacional Normalizado para Libros (ISBN) | 8476341539 |
| 040 ## - FUENTE DE LA CATALOGACION | |
| Centro catalogador de origen | CO-ViMGA |
| Lengua de catalogación | spa |
| Normas de descripción | rda |
| Centro transcriptor | CO-ViMGA |
| 082 04 - NUMERO DE LA CLASIFICACION DECIMAL DEWEY | |
| Número de clasificación (R) | R 923.143 M19h |
| Número de edición | 23 |
| Número del ítem | M19h |
| 100 1# - PUNTO DE ACCESO PRINCIPAL-NOMBRE DE PERSONA | |
| Nombre de persona | Mayda, Giuseppe |
| 245 10 - TITULO PROPIAMENTE DICHO | |
| Título | Hitler / |
| Mención de responsabilidad, etc. | Giuseppe Mayda ; traducción de Diorki, traductores |
| 264 #1 - PRODUCCION, PUBLICACION , DISTRIBUCION, FABRICACION Y COPYRIGHT | |
| Lugar de producción, publicación, distribución, fabricación | Madrid, España : |
| Nombre del productor, editor, distribuidor, fabricante | Orbis |
| Fecha de de producción, publicación, distribución, fabricación o copyright | 1985 |
| 300 ## - DESCRIPCION FISICA | |
| Extensión | 63 páginas |
| Otras características físicas | fotos blanco y negro |
| Dimensiones | 29 cm |
| 336 ## - TIPO DE CONTENIDO | |
| Término de tipo de contenido | texto |
| Código de tipo de contenido | txt |
| Fuente | rdacontenido |
| 337 ## - TIPO DE MEDIO | |
| Nombre del tipo de medio | no mediado |
| Código del tipo de medio | n |
| Fuente | rdamedio |
| 338 ## - TIPO DE SOPORTE | |
| Nombre del tipo de soporte | volume |
| Código del tipo de soporte | nc |
| Fuente | rdasoporte |
| 490 ## - MENCION DE SERIE | |
| Mención de serie | Los grandes protaginistas de la segunda Guerra Mundial |
| Designación de volumen o secuencia | numero 3 |
| 651 #4 - PUNTO DE ACCESO ADICIONAL DE MATERIA - NOMBRE GEOGRAFICO | |
| Nombre geográfico | Alemania |
| Subdivisión de materia general | Historia |
| Subdivisión cronológica | 1918-1933 |
| 651 #4 - PUNTO DE ACCESO ADICIONAL DE MATERIA - NOMBRE GEOGRAFICO | |
| Nombre geográfico | Alemania |
| Subdivisión de materia general | Historia |
| Subdivisión cronológica | 1933-1945 |
| 942 ## - ENTRADA DE ELEMENTOS AGREGADOS (KOHA) | |
| Koha [por defecto] tipo de item | LIbro |
| Fuente de clasificaión o esquema | Dewey Decimal Classification |
| Perdido | Fuente de clasificación o esquema | Estado Físico | No para préstamo | Forma de adquisición | Localización permanente | Localización actual | Localización en estanterías | Fecha adquisición | Fuente de adquisición | Signatura completa | Código de barras | Fecha última consulta | Número de copia | Fecha del precio de reemplazo | Tipo de item de Koha | Note pública | Préstamos totales |
|---|---|---|---|---|---|---|---|---|---|---|---|---|---|---|---|---|---|
| Dewey Decimal Classification | Sala de Referencia Maruja Hernández de Gil | Biblioteca Pública Departamental Eduardo Carranza - Villavicencio | Biblioteca Pública Departamental Eduardo Carranza - Villavicencio | Referencia | 03/31/2012 | donación | R 923.143 M19h | ECA20948 | 11/26/2024 | Ej.1 | 11/26/2024 | LIbro | 15375 | 20087 | ||||
| Dewey Decimal Classification | Biblioteca Pública Departamental Eduardo Carranza - Villavicencio | Biblioteca Pública Departamental Eduardo Carranza - Villavicencio | Referencia | 03/31/2012 | donación | R 923.143 M19h | ECA28811 | 09/15/2025 | Ej.2 | 11/26/2024 | LIbro | 15375 | 20087 |